|
|
|
|
| LEADER |
00000nam a2200000 a 4500 |
| 001 |
vtls008398084 |
| 003 |
SK-MaSNL |
| 005 |
20260331205208.0 |
| 008 |
251124s1930 xo slo |
| 015 |
|
|
|a SKSNBA19191938-011600
|
| 035 |
|
|
|a SK01SNKBSKHR20020090301
|
| 035 |
|
|
|a SKM000092764
|
| 040 |
|
|
|a SNK
|b slo
|c SNK
|e AACR2
|
| 041 |
1 |
|
|a slo
|h ger
|
| 044 |
|
|
|a xo
|
| 080 |
|
|
|a 830-3
|2 1981
|
| 100 |
1 |
|
|a Spillmann, Joseph,
|d 1842-1905
|4 trl
|9 162564
|
| 245 |
1 |
0 |
|a Korejskí bratia
|b črta z misiových dejín Korey : so 6 obr.
|c Jozef Spillmann ; poslov. M.N. Vavrova
|
| 260 |
|
|
|a Trnava
|b [Posol Božského Srdca Ježišovho]
|c 1930
|e Ružomberok
|f Lev
|
| 300 |
|
|
|a 87, [1] s.
|c 8°
|
| 490 |
0 |
|
|a Z ďalekých krajov : historické rozprávky s obrázkami
|v č. 18
|
| 650 |
0 |
7 |
|a rozprávky historické svetové
|x literatúra nemecká
|2 SNK
|9 346474
|
| 655 |
|
7 |
|a umelecká literatúra
|2 SNKPH
|9 60405
|
| 700 |
1 |
|
|a Vavrova, M.N.
|4 aut
|9 347528
|
| 830 |
|
0 |
|a Z ďalekých krajov : historické rozprávky s obrázkami
|9 346476
|
| 852 |
|
|
|a Slovenská národná knižnica v Martine
|b 10000
|h MS SD 2569/18
|
| 852 |
|
|
|a Univerzitná knižnica v Bratislave
|b 300000
|h SG 1188/18
|
| 852 |
|
|
|a Univerzitná knižnica v Bratislave
|b 300000
|h XXG 301/18
|
| 958 |
|
|
|a OND
|
| 958 |
|
|
|a RK
|
| 958 |
|
|
|a TL
|
| 999 |
|
|
|c 650682
|d 652612
|
| 952 |
|
|
|a SNK
|b SNK
|y VYP
|7 0
|p 17A0507498
|o snkSD 2569/18 D1
|i snkKSF 1949/57
|0 0
|1 0
|4 0
|d 2006-05-20
|l 0
|r 2026-02-23 18:21:22
|w 2026-02-23
|